000 00398nam a22001577a 4500
003 MPLRDC
005 20220104124745.0
008 210129b ||||| |||| 00| 0 eng d
082 _a947.25 CYP
100 _a陈育培编
245 _a儿童肖像画大全
_c
260 _a
_b星光美术出版社
_c
300 _b
650 _a西洋画; 欧洲绘画--人像画
942 _cBK
_o947.25 CYP
999 _c21907
_d21897